000 00227nam a22000857a 4500
008 160912b xxu||||| |||| 00| 0 eng d
100 _9406
_aDeepa & Company
245 _aMaster Science-VII
260 _aNew Delhi
_bDeepa & Company
_c2007
999 _c3064
_d3064